00672 2200229 4500001002100000005001500021035002000036007000300056008004100059020002200100082001000122084001600132100002100148245010900169250001000278260003000288300003700318504003100355600003400386990001100420990001100431INLIS00000000000330020190608112407 a0010-0619000049ta190608 g 0 ind  a978-602-72813-6-3 a615.8 a615.8 ALI e0 aALIE, Humaedi M.1 aEtnografi Pengobatan :bPraktik Budaya Peramuan & Sugesti Komunitas Adat tau Taa Vana /cM. Alie Humaedi acet.1 aYogyakarta :bLKiS,c2016 axxv, 414 hlm. :bilus. ;c21 cm. aBibliografi : hlm. 407-414 4aFARMAKOLOGI. OBAT TRADISIONAL a6716 a a6716 b